000 00803 a2200205 4500
005 20080828125444.0
008 080828t xxu||||| |||| 00| 0 eng d
010 _aENG-87363
020 _c285.00
_a1403929513
035 _aEN-70896
037 _bDBAD / PUB
082 _a530.41
100 _aSaxena, Ajay Kumar
245 _aSold state physics
_cby Ajay Kumar Saxena
_ban introduction to solid state electronic devices
260 _aNew Delhi
_bMacmillan India
_c2006
270 _a2/10, Ansari Road, Daryaganj,
_bNew Delhi
_e110 002
300 _axiv, 408p.
_c24cm (pbk)
942 _adpl
_cEN
_k530.41 / SAX
_2ddc
_h530.41
_mSAX
999 _c6477
_d6477